000 00701nam a2200217Ia 4500
003 OSt
005 20260320120046.0
008 220923b |||||||| |||| 00| 0 eng d
020 _a0813312876
037 _cGeneral Book
040 _aRTL
_cRTL
_beng
041 _2eng
_aeng
084 _aX9(J94).235H.N9, N2/TD
_qRTL
100 _aAttwood, Donald W.
_9131010
245 0 _aRaising cane: The political economy of sugar in Western india
260 _aBoulder
_bWestview Press
_c1992
300 _axviii, 366p.
_binculed biblograpical refrence an index
650 _aSugar Industry
_9231920
942 _hX9(J94).235H.N9, N2/TD
_cTB
_2CC
999 _c489056
_d489056